<?xml version="1.0" encoding="UTF-8"?>
<record
    xmlns:xsi="http://www.w3.org/2001/XMLSchema-instance"
    xsi:schemaLocation="http://www.loc.gov/MARC21/slim http://www.loc.gov/standards/marcxml/schema/MARC21slim.xsd"
    xmlns="http://www.loc.gov/MARC21/slim">

  <leader>02707nam a2200541 i 4500</leader>
  <controlfield tag="001">5238541</controlfield>
  <controlfield tag="003">CZ PrSKC</controlfield>
  <controlfield tag="005">20260512145338.0</controlfield>
  <controlfield tag="007">ta</controlfield>
  <controlfield tag="008">260505s2026    xr a   c 6    000 1 cze  </controlfield>
  <datafield tag="015" ind1=" " ind2=" ">
    <subfield code="a">cnb003756581</subfield>
  </datafield>
  <datafield tag="020" ind1=" " ind2=" ">
    <subfield code="a">978-80-275-2863-9</subfield>
    <subfield code="q">(v&#xE1;z&#xE1;no)</subfield>
  </datafield>
  <datafield tag="040" ind1=" " ind2=" ">
    <subfield code="a">ABG001</subfield>
    <subfield code="b">cze</subfield>
    <subfield code="e">rda</subfield>
  </datafield>
  <datafield tag="041" ind1="1" ind2=" ">
    <subfield code="a">cze</subfield>
    <subfield code="h">fin</subfield>
  </datafield>
  <datafield tag="072" ind1=" " ind2="7">
    <subfield code="a">741.52</subfield>
    <subfield code="x">Komiksy. Komiksov&#xE9; adaptace</subfield>
    <subfield code="2">Konspekt</subfield>
    <subfield code="9">21</subfield>
  </datafield>
  <datafield tag="072" ind1=" " ind2="7">
    <subfield code="a">821-93</subfield>
    <subfield code="x">Literatura pro d&#x11B;ti a ml&#xE1;de&#x17E; (beletrie)</subfield>
    <subfield code="2">Konspekt</subfield>
    <subfield code="9">26</subfield>
  </datafield>
  <datafield tag="080" ind1=" " ind2=" ">
    <subfield code="a">741.52(0:82-322.9)</subfield>
    <subfield code="2">MRF</subfield>
  </datafield>
  <datafield tag="080" ind1=" " ind2=" ">
    <subfield code="a">741.52(0:82-321.3)</subfield>
    <subfield code="2">MRF</subfield>
  </datafield>
  <datafield tag="080" ind1=" " ind2=" ">
    <subfield code="a">821-93</subfield>
    <subfield code="2">MRF</subfield>
  </datafield>
  <datafield tag="100" ind1="1" ind2=" ">
    <subfield code="a">Westin, Miila,</subfield>
    <subfield code="d">1987-</subfield>
    <subfield code="7">xx0337646</subfield>
    <subfield code="4">aut</subfield>
    <subfield code="4">ill</subfield>
    <subfield code="9">20381</subfield>
  </datafield>
  <datafield tag="240" ind1="1" ind2="0">
    <subfield code="a">Vaarallinen uni.</subfield>
    <subfield code="l">&#x10C;esky</subfield>
  </datafield>
  <datafield tag="245" ind1="1" ind2="0">
    <subfield code="a">B&#xE1;jn&#xED;ci.</subfield>
    <subfield code="n">2,</subfield>
    <subfield code="p">Nebezpe&#x10D;n&#xFD; sen /</subfield>
    <subfield code="c">Miila Westinov&#xE1; ; p&#x159;elo&#x17E;il Michal &#x160;vec</subfield>
  </datafield>
  <datafield tag="246" ind1="3" ind2="0">
    <subfield code="a">Nebezpe&#x10D;n&#xFD; sen</subfield>
  </datafield>
  <datafield tag="250" ind1=" " ind2=" ">
    <subfield code="a">Prvn&#xED; vyd&#xE1;n&#xED;</subfield>
  </datafield>
  <datafield tag="264" ind1=" " ind2="1">
    <subfield code="a">Brno :</subfield>
    <subfield code="b">Host,</subfield>
    <subfield code="c">2026</subfield>
  </datafield>
  <datafield tag="300" ind1=" " ind2=" ">
    <subfield code="a">105 stran :</subfield>
    <subfield code="b">barevn&#xE9; ilustrace ;</subfield>
    <subfield code="c">26 cm</subfield>
  </datafield>
  <datafield tag="336" ind1=" " ind2=" ">
    <subfield code="a">text</subfield>
    <subfield code="b">txt</subfield>
    <subfield code="2">rdacontent</subfield>
  </datafield>
  <datafield tag="336" ind1=" " ind2=" ">
    <subfield code="a">statick&#xFD; obraz</subfield>
    <subfield code="b">sti</subfield>
    <subfield code="2">rdacontent</subfield>
  </datafield>
  <datafield tag="337" ind1=" " ind2=" ">
    <subfield code="a">bez m&#xE9;dia</subfield>
    <subfield code="b">n</subfield>
    <subfield code="2">rdamedia</subfield>
  </datafield>
  <datafield tag="338" ind1=" " ind2=" ">
    <subfield code="a">svazek</subfield>
    <subfield code="b">nc</subfield>
    <subfield code="2">rdacarrier</subfield>
  </datafield>
  <datafield tag="500" ind1=" " ind2=" ">
    <subfield code="a">P&#x159;elo&#x17E;eno z fin&#x161;tiny</subfield>
  </datafield>
  <datafield tag="520" ind1="2" ind2=" ">
    <subfield code="a">Barevn&#xE9; komiksov&#xE9; dobrodru&#x17E;stv&#xED;, zalo&#x17E;en&#xE9; na prastar&#xFD;ch baltofinsk&#xFD;ch m&#xFD;tech.</subfield>
    <subfield code="b">No&#x10D;n&#xED; m&#x16F;ra je jen zl&#xFD; sen, ze kter&#xE9;ho se m&#x16F;&#x17E;e&#x161; probudit. Ale co kdy&#x17E; ne? Eevi se dostala na m&#xED;sto, odkud se smrteln&#xED;ci v&#x11B;t&#x161;inou nevracej&#xED; -- do &#x159;&#xED;&#x161;e mrtv&#xFD;ch Tuonely. J&#xED; se v&#x161;ak poda&#x159;ilo vr&#xE1;tit ve zdrav&#xED; zp&#xE1;tky, a je&#x161;t&#x11B; p&#x159;itom spolu s kamar&#xE1;dy osvobodit kraj z nekon&#x10D;&#xED;c&#xED; zimy. Eevino setk&#xE1;n&#xED; s nadp&#x159;irozenem t&#xED;m zd&#xE1;nliv&#x11B; skon&#x10D;ilo, ale pron&#xE1;sleduj&#xED; ji zl&#xE9; sny. Z jedn&#xE9; takov&#xE9; no&#x10D;n&#xED; m&#x16F;ry ji probud&#xED; podzemn&#xED;k Otso. Eevi m&#xE1; toti&#x17E; starod&#xE1;vn&#xFD; p&#x159;&#xED;v&#x11B;sek od babi&#x10D;ky, kter&#xFD; by mu mohl pomoct. Jen&#x17E;e po tomto mocn&#xE9;m &#x161;perku ba&#x17E;&#xED; i Louhi, hroziv&#xE1; vl&#xE1;dkyn&#x11B; Tuonely. Zl&#xE9; sny se opakuj&#xED; a Eevi zjist&#xED;, &#x17E;e sen a skute&#x10D;nost n&#x11B;kdy d&#x11B;l&#xED; pouze velmi tenk&#xE1; hranice. Nakladatelsk&#xE1; anotace. Kr&#xE1;ceno.</subfield>
  </datafield>
  <datafield tag="521" ind1="8" ind2=" ">
    <subfield code="a">Pro &#x10D;ten&#xE1;&#x159;e od 9 let</subfield>
  </datafield>
  <datafield tag="655" ind1=" " ind2="7">
    <subfield code="a">fantasy komiksy</subfield>
    <subfield code="7">fd1057473</subfield>
    <subfield code="2">czenas</subfield>
    <subfield code="9">10419</subfield>
  </datafield>
  <datafield tag="655" ind1=" " ind2="7">
    <subfield code="a">ak&#x10D;n&#xED; a dobrodru&#x17E;n&#xE9; komiksy</subfield>
    <subfield code="7">fd1057471</subfield>
    <subfield code="2">czenas</subfield>
    <subfield code="9">10520</subfield>
  </datafield>
  <datafield tag="655" ind1=" " ind2="7">
    <subfield code="a">publikace pro d&#x11B;ti</subfield>
    <subfield code="7">fd133156</subfield>
    <subfield code="2">czenas</subfield>
  </datafield>
  <datafield tag="655" ind1=" " ind2="9">
    <subfield code="a">fantasy comics</subfield>
    <subfield code="2">eczenas</subfield>
    <subfield code="9">10420</subfield>
  </datafield>
  <datafield tag="655" ind1=" " ind2="9">
    <subfield code="a">action and adventure comics</subfield>
    <subfield code="2">eczenas</subfield>
    <subfield code="9">10521</subfield>
  </datafield>
  <datafield tag="655" ind1=" " ind2="9">
    <subfield code="a">children's literature</subfield>
    <subfield code="2">eczenas</subfield>
  </datafield>
  <datafield tag="700" ind1="1" ind2=" ">
    <subfield code="a">&#x160;vec, Michal,</subfield>
    <subfield code="d">1984-</subfield>
    <subfield code="7">mzk2007423828</subfield>
    <subfield code="4">trl</subfield>
    <subfield code="9">14106</subfield>
  </datafield>
  <datafield tag="710" ind1="2" ind2=" ">
    <subfield code="a">Host (vydavatelstv&#xED;)</subfield>
    <subfield code="7">ko2003163544</subfield>
    <subfield code="4">pbl</subfield>
  </datafield>
  <datafield tag="787" ind1="0" ind2="8">
    <subfield code="i">Z cyklu:</subfield>
    <subfield code="t">B&#xE1;jn&#xED;ci</subfield>
    <subfield code="g">2</subfield>
  </datafield>
  <datafield tag="900" ind1=" " ind2=" ">
    <subfield code="a">ABG001</subfield>
    <subfield code="b">19</subfield>
  </datafield>
  <datafield tag="952" ind1=" " ind2=" ">
    <subfield code="1">0</subfield>
    <subfield code="2">udc</subfield>
    <subfield code="4">0</subfield>
    <subfield code="0"></subfield>
  </datafield>
  <datafield tag="998" ind1=" " ind2=" ">
    <subfield code="a">010844855</subfield>
  </datafield>
  <datafield tag="910" ind1=" " ind2=" ">
    <subfield code="a">ABG508</subfield>
  </datafield>
  <datafield tag="044" ind1=" " ind2=" ">
    <subfield code="a">xr</subfield>
  </datafield>
  <datafield tag="993" ind1=" " ind2=" ">
    <subfield code="a">294.00</subfield>
    <subfield code="h">449.00</subfield>
    <subfield code="i">Team Business</subfield>
    <subfield code="d">2026-05-12</subfield>
    <subfield code="x">1076848</subfield>
  </datafield>
  <datafield tag="999" ind1=" " ind2=" ">
    <subfield code="c">34268</subfield>
    <subfield code="d">34268</subfield>
  </datafield>
</record>
